[Event "Iraklio SOI op-A 9th"]
[Site "Iraklio"]
[Date "2013.09.04"]
[Round "3"]
[White "Brasoy, Aksel"]
[Black "Katzourakis, Pavlos"]
[Result "1-0"]
[WhiteElo "1984"]
[BlackElo "1300"]
[PlyCount "111"]
[EventDate "2013.09.03"]
[EventType "swiss"]
[EventRounds "7"]
[EventCountry "GRE"]
[SourceTitle "EXT 2024"]
[Source "ChessBase"]
[SourceDate "2023.10.10"]
[SourceVersion "1"]
[SourceVersionDate "2023.10.10"]
[SourceQuality "1"]

1. d4 d5 2. c4 c6 3. Nf3 Nf6 4. Nc3 e6 5. e3 Nbd7 6. Qc2 Bd6 7. Be2 0-0 8. 0-0 b6 9. cxd5 exd5 10. b3 Bb7 11. Bb2 Re8 12. Rfd1 Qe7 13. h3 Rac8 14. a4 c5 15. Qb1 Bb8 16. a5 cxd4 17. Nxd4 Nc5 18. axb6 axb6 19. Bf3 Nfe4 20. Nxe4 dxe4 21. Bg4 Qc7 22. g3 Nd3 23. Rxd3 exd3 24. Qxd3 Be4 25. Qa6 Rcd8 26. Rc1 Qb7 27. Qxb7 Bxb7 28. Nc6 Rd3 29. b4 g6 30. Nxb8 Rxb8 31. Bd4 Bd5 32. Be2 Rd2 33. Bf1 Bf3 34. Bg2 Rd1+ 35. Rxd1 Bxd1 36. f4 Bb3 37. Kf2 Kf8 38. e4 Ke7 39. e5 Ke6 40. Ke3 Bd5 41. Bf1 Kd7 42. g4 b5 43. Bc5 Kc6 44. f5 Ra8 45. Kd4 gxf5 46. gxf5 Rd8 47. Ke3 Bh1 48. e6 fxe6 49. fxe6 Bd5 50. e7 Rb8 51. Bd3 Bg8 52. Kf4 Kd7 53. Ke5 Be6 54. h4 h5 55. e8Q+ Kxe8 56. Kxe6 1-0

[Event "Gazi op 8th"]
[Site "Gazi"]
[Date "2012.08.05"]
[Round "3"]
[White "Katzourakis, Pavlos"]
[Black "Kharitonov, Alexandr"]
[Result "0-1"]
[WhiteElo "2113"]
[BlackElo "2539"]
[PlyCount "120"]
[EventDate "2012.08.04"]
[EventType "swiss"]
[EventRounds "9"]
[EventCountry "GRE"]
[SourceTitle "EXT 2024"]
[Source "ChessBase"]
[SourceDate "2023.10.10"]
[SourceVersion "1"]
[SourceVersionDate "2023.10.10"]
[SourceQuality "1"]

1. e4 c6 2. d4 d5 3. Nc3 dxe4 4. Nxe4 Bf5 5. Ng3 Bg6 6. h4 h6 7. Nf3 Nd7 8. h5 Bh7 9. Bd3 Bxd3 10. Qxd3 e6 11. Bf4 Bb4+ 12. c3 Be7 13. 0-0-0 Ngf6 14. Kb1 Qa5 15. Ne5 0-0 16. Nxd7 Nxd7 17. Ne4 Rad8 18. Qg3 Kh8 19. Bc7 Qf5 20. f3 Rc8 21. Ka1 Nf6 22. Nd6 Bxd6 23. Bxd6 Rg8 24. Qh2 Rcd8 25. Be5 Nd7 26. g4 Qxf3 27. Bc7 Rc8 28. g5 Qd5 29. Be5 f6 30. gxh6 fxe5 31. dxe5 Qxe5 32. Rxd7 Qxh2 33. Rxh2 gxh6 34. a4 Rg7 35. Rhd2 Rcg8 36. R7d6 Rg5 37. Rxe6 Rxh5 38. Rdd6 Kh7 39. Re7+ Rg7 40. Rxg7+ Kxg7 41. Rd7+ Kg6 42. Rxb7 Ra5 43. b3 h5 44. Rc7 h4 45. Rxc6+ Kg5 46. Rd6 h3 47. Rd3 Kg4 48. Rd4+ Kg3 49. Rd3+ Kg2 50. Rd2+ Kg1 51. Rd1+ Kf2 52. Rd2+ Ke1 53. Rh2 Rh5 54. c4 Kf1 55. Kb2 Kg1 56. Rc2 h2 57. b4 h1Q 58. Rc1+ Kg2 59. Rxh1 Rxh1 60. b5 Kf3 0-1

[Event "Paleochora op 4th"]
[Site "Paleochora"]
[Date "2011.07.27"]
[Round "9"]
[White "Barth, Norbert"]
[Black "Katzourakis, Pavlos"]
[Result "1-0"]
[WhiteElo "2289"]
[BlackElo "2137"]
[PlyCount "85"]
[EventDate "2011.07.20"]
[EventType "swiss"]
[EventRounds "9"]
[EventCountry "GRE"]
[SourceTitle "CBM 143 Extra"]
[Source "ChessBase"]
[SourceDate "2011.08.29"]
[SourceVersion "1"]
[SourceVersionDate "2011.08.29"]
[SourceQuality "1"]

1. b3 d5 2. Bb2 Nc6 3. e3 Nf6 4. Nf3 Bg4 5. Bb5 e6 6. h3 Bxf3 7. Qxf3 Be7 8. Bxc6+ bxc6 9. d3 0-0 10. Nd2 Nd7 11. 0-0 Bf6 12. Bxf6 Qxf6 13. Qxf6 Nxf6 14. c4 Nd7 15. Rfc1 c5 16. cxd5 exd5 17. d4 cxd4 18. Rxc7 dxe3 19. Rxd7 exd2 20. Rxd5 Rad8 21. Rxd8 Rxd8 22. Rd1 h5 23. Kf1 h4 24. Ke2 Re8+ 25. Kxd2 Re6 26. f3 Rg6 27. Rg1 Re6 28. Re1 Rd6+ 29. Kc3 Rc6+ 30. Kb2 Rd6 31. Re2 f5 32. Kc3 Kf7 33. b4 Kf6 34. a4 Ra6 35. Kb3 Rc6 36. b5 Rd6 37. a5 Rd1 38. b6 axb6 39. a6 Rd3+ 40. Kb4 Rd4+ 41. Kb5 Rd5+ 42. Kc6 Ra5 43. Kb7 1-0

[Event "EU-Cup 26th"]
[Site "Plovdiv"]
[Date "2010.10.18"]
[Round "2.3"]
[White "Mossong, Hubert"]
[Black "Katzourakis, Pavlos"]
[Result "1-0"]
[WhiteElo "2184"]
[BlackElo "2141"]
[PlyCount "43"]
[EventDate "2010.10.17"]
[EventType "team-swiss"]
[EventRounds "7"]
[EventCountry "BUL"]
[SourceTitle "CBM 139"]
[Source "ChessBase"]
[SourceDate "2010.11.18"]
[SourceVersion "1"]
[SourceVersionDate "2010.11.18"]
[SourceQuality "1"]
[WhiteTeam "Dudelange"]
[BlackTeam "Chania Chess Academy"]
[WhiteTeamCountry "LUX"]
[BlackTeamCountry "GRE"]

1. e4 c5 2. Nc3 a6 3. g3 b5 4. Bg2 Bb7 5. Nge2 e6 6. 0-0 d6 7. d3 Nf6 8. f4 Qc7 9. h3 Nbd7 10. Qe1 Be7 11. f5 b4 12. fxe6 fxe6 13. Nf4 bxc3 14. Nxe6 Qb6 15. Nxg7+ Kf7 16. Nf5 cxb2 17. Bxb2 Qxb2 18. Rb1 Qxc2 19. Rxb7 Rhd8 20. e5 dxe5 21. Nxe7 Rab8 22. Nc6 1-0

[Event "EU-Cup 26th"]
[Site "Plovdiv"]
[Date "2010.10.17"]
[Round "1.3"]
[White "Katzourakis, Pavlos"]
[Black "Swinkels, Robin"]
[Result "1-0"]
[WhiteElo "2141"]
[BlackElo "2478"]
[PlyCount "49"]
[EventDate "2010.10.17"]
[EventType "team-swiss"]
[EventRounds "7"]
[EventCountry "BUL"]
[SourceTitle "CBM 139"]
[Source "ChessBase"]
[SourceDate "2010.11.18"]
[SourceVersion "1"]
[SourceVersionDate "2010.11.18"]
[SourceQuality "1"]
[WhiteTeam "Chania Chess Academy"]
[BlackTeam "Eynatten"]
[WhiteTeamCountry "GRE"]
[BlackTeamCountry "BEL"]

1. e4 c5 2. Nf3 e6 3. d4 cxd4 4. Nxd4 Nc6 5. Nc3 Qc7 6. Be2 a6 7. a3 b5 8. Be3 Bb7 9. 0-0 Nf6 10. f4 Bc5 11. e5 Qb6 12. exf6 Nxd4 13. fxg7 Nxe2+ 14. Kh1 Rg8 15. Bxc5 Rxg7 16. Ne4 Bxe4 17. Qxe2 Qc6 18. Rg1 0-0-0 19. Bd4 Rg6 20. Raf1 Rdg8 21. Rf2 Qd5 22. c3 Qf5 23. c4 Qh3 24. Rc1 b4 25. Qxe4 1-0

[Event "Paleochora op 2nd"]
[Site "Paleochora"]
[Date "2009.07.26"]
[Round "7"]
[White "Saptarshi, Roy Chowdhury"]
[Black "Katzourakis, Pavlos"]
[Result "1-0"]
[WhiteElo "2413"]
[BlackElo "2134"]
[PlyCount "70"]
[EventDate "2009.07.21"]
[EventType "swiss"]
[EventRounds "9"]
[EventCountry "GRE"]
[SourceTitle "CBM 131 Extra"]
[Source "ChessBase"]
[SourceDate "2009.09.03"]
[SourceVersion "2"]
[SourceVersionDate "2009.09.16"]
[SourceQuality "1"]

1. e4 c5 2. Nf3 e6 3. d4 cxd4 4. Nxd4 Nf6 5. Nc3 d6 6. g4 h6 7. h3 Nc6 8. Bg2 Be7 9. Be3 a6 10. Qe2 Qa5 11. 0-0-0 Nxd4 12. Bxd4 e5 13. Be3 Be6 14. Kb1 Rc8 15. Nd5 Bxd5 16. exd5 Nd7 17. h4 Nc5 18. b3 Na4 19. Bd2 Nc3+ 20. Bxc3 Rxc3 21. Be4 Qb4 22. Rd3 Rc4 23. Re3 Rc5 24. Qf3 Qa3 25. c3 Bd8 26. Qe2 Bb6 27. Rd3 Rc7 28. Qd2 Qc5 29. f4 Re7 30. Rf1 a5 31. Rdf3 exf4 32. Qxf4 a4 33. Bf5 axb3 34. Qa4+ Kd8 35. Qa8+ Kc7 1-0

[Event "GRE-chT 35th"]
[Site "Ermioni Argolidas"]
[Date "2006.07.07"]
[Round "5"]
[White "Katzourakis, Pavlos"]
[Black "Kounalakis, Evryklis"]
[Result "0-1"]
[WhiteElo "2106"]
[BlackElo "2147"]
[PlyCount "118"]
[EventDate "2006.07.03"]
[EventType "team"]
[EventRounds "9"]
[EventCountry "GRE"]
[SourceTitle "CBM 113 Extra"]
[Source "ChessBase"]
[SourceDate "2006.09.14"]
[SourceVersion "1"]
[SourceVersionDate "2006.09.14"]
[SourceQuality "1"]

1. e4 c6 2. d4 d5 3. Nc3 dxe4 4. Nxe4 Bf5 5. Ng3 Bg6 6. h4 h6 7. Nf3 Nf6 8. Ne5 Bh7 9. Bd3 Bxd3 10. Qxd3 e6 11. Bd2 Nbd7 12. f4 c5 13. 0-0-0 cxd4 14. Ng6 Rg8 15. Nxf8 Rxf8 16. Bb4 Rh8 17. Nf5 Qb6 18. Nxg7+ Kd8 19. Qa3 Kc8 20. Be7 Nd5 21. Rh3 Rg8 22. Rg3 Nxf4 23. Qf3 e5 24. Kb1 Qc6 25. Qb3 Nd5 26. Ba3 N7f6 27. Nf5 Rxg3 28. Qxg3 Qe6 29. Nd6+ Kc7 30. Nc4 b5 31. Nxe5 Ne4 32. Qh2 Nec3+ 33. bxc3 Nxc3+ 34. Kc1 Nxd1 35. Kxd1 Re8 36. Nc4+ Kc6 37. Qd6+ Qxd6 38. Nxd6 Rg8 39. Nxf7 Rxg2 40. Nxh6 d3 41. cxd3 Rxa2 42. Be7 Kd5 43. Bf6 Rg2 44. Bc3 Ke6 45. Bd2 Rh2 46. Bg5 b4 47. Ng4 Ra2 48. Ne3 Ke5 49. Kc1 a5 50. Nc4+ Kd4 51. Nb2 Kc3 52. Bf6+ Kb3 53. Nc4 Rf2 54. Nd2+ Ka2 55. Ne4 Rf1+ 56. Kd2 b3 57. Bg7 b2 58. Nc3+ Kb3 59. Ke2 Rc1 0-1

[Event "GRE-chT 35th"]
[Site "Ermioni Argolidas"]
[Date "2006.07.??"]
[Round "8"]
[White "Spyropoulos, Georgios"]
[Black "Katzourakis, Pavlos"]
[Result "1-0"]
[WhiteElo "2098"]
[BlackElo "2106"]
[PlyCount "75"]
[EventDate "2006.07.03"]
[EventType "team"]
[EventRounds "9"]
[EventCountry "GRE"]
[SourceTitle "CBM 113 Extra"]
[Source "ChessBase"]
[SourceDate "2006.09.14"]
[SourceVersion "1"]
[SourceVersionDate "2006.09.14"]
[SourceQuality "1"]

1. e4 c5 2. Nf3 e6 3. d4 cxd4 4. Nxd4 Nf6 5. Nc3 d6 6. Be2 a6 7. Bg5 Be7 8. Qd2 Qc7 9. Rd1 Nbd7 10. f4 h6 11. Bxf6 Nxf6 12. 0-0 0-0 13. Kh1 b5 14. Bf3 b4 15. Nce2 Bb7 16. Ng3 d5 17. e5 Ne4 18. Qe1 Bh4 19. Bxe4 dxe4 20. Qe3 Bd5 21. Nxe4 Be7 22. Rd2 Rfd8 23. Re1 Rac8 24. Qg3 Bxe4 25. Rxe4 Qc4 26. Rd3 Qxa2 27. f5 Bc5 28. f6 g6 29. h4 Bxd4 30. Rexd4 Rxd4 31. Rxd4 Qxb2 32. Rg4 Qxc2 33. Rxb4 Qd1+ 34. Kh2 Rc1 35. Qe3 Qh1+ 36. Kg3 Rc2 37. Rb8+ Kh7 38. Rh8+ 1-0

[Event "Chalkidiki op-A 2nd"]
[Site "Kallithea"]
[Date "2006.04.29"]
[Round "6"]
[White "Zakarian, David"]
[Black "Katzourakis, Pavlos"]
[Result "1-0"]
[WhiteElo "2359"]
[BlackElo "2109"]
[PlyCount "57"]
[EventDate "2006.04.25"]
[EventType "swiss"]
[EventRounds "9"]
[EventCountry "GRE"]
[SourceTitle "CBM 112 Extra"]
[Source "ChessBase"]
[SourceDate "2006.07.14"]
[SourceVersion "1"]
[SourceVersionDate "2006.07.14"]
[SourceQuality "1"]

1. e4 c5 2. Nf3 d6 3. Bb5+ Bd7 4. Bxd7+ Qxd7 5. 0-0 Nf6 6. c3 Nc6 7. d4 cxd4 8. cxd4 d5 9. e5 Ne4 10. Ne1 h6 11. Be3 e6 12. Nd3 Be7 13. f3 Ng5 14. Qd2 Qc7 15. Nc3 0-0 16. Rac1 Rac8 17. b4 Qb8 18. a3 a6 19. Nc5 Qa7 20. f4 b6 21. fxg5 bxc5 22. bxc5 Bxg5 23. Bxg5 hxg5 24. Ne2 Qe7 25. Qd3 Na5 26. Ng3 Rb8 27. Nh5 Rb3 28. Qd2 Nc4 29. Rxc4 1-0

[Event "GRE-chT 34th"]
[Site "Ermioni Argolidas"]
[Date "2005.07.08"]
[Round "5"]
[White "Dorfanis, Ilarion"]
[Black "Katzourakis, Pavlos"]
[Result "0-1"]
[WhiteElo "2203"]
[BlackElo "2072"]
[PlyCount "88"]
[EventDate "2005.07.04"]
[EventType "team"]
[EventRounds "9"]
[EventCountry "GRE"]
[SourceTitle "CBM 107 Extra"]
[Source "ChessBase"]
[SourceDate "2005.09.01"]
[SourceVersion "1"]
[SourceVersionDate "2005.09.01"]
[SourceQuality "1"]

1. d4 Nf6 2. c4 g6 3. Nc3 d5 4. Bf4 Bg7 5. e3 0-0 6. Rc1 c5 7. dxc5 Qa5 8. Nf3 Rd8 9. Qa4 Qxc5 10. b4 Qc6 11. Qxc6 bxc6 12. Bc7 Re8 13. b5 cxb5 14. cxb5 Nbd7 15. Ne5 Bb7 16. Na4 d4 17. exd4 Rac8 18. b6 Bh6 19. Rc2 Nxb6 20. Nxb6 axb6 21. Bb5 Bxg2 22. Bxe8 Nxe8 23. Rg1 Be4 24. Rc3 Rxc7 25. Rxc7 Nxc7 26. Rg3 Bd5 27. a4 Be6 28. Rc3 Nd5 29. Rc6 Bf4 30. h4 g5 31. hxg5 Bxg5 32. Kf1 h5 33. Nf3 Bf4 34. Kg2 Bd6 35. Ne5 h4 36. f3 h3+ 37. Kh1 f6 38. Nd3 Bd7 39. Rc4 Ne3 40. Rc3 Nf1 41. f4 Ng3+ 42. Kh2 Ne2 43. Rb3 Nxf4 44. Nf2 Ne2+ 0-1

[Event "GRE-chT 34th"]
[Site "Ermioni Argolidas"]
[Date "2005.07.07"]
[Round "4"]
[White "Katzourakis, Pavlos"]
[Black "Koumanis, Stamatis"]
[Result "1-0"]
[WhiteElo "2072"]
[BlackElo "2121"]
[PlyCount "83"]
[EventDate "2005.07.04"]
[EventType "team"]
[EventRounds "9"]
[EventCountry "GRE"]
[SourceTitle "CBM 107 Extra"]
[Source "ChessBase"]
[SourceDate "2005.09.01"]
[SourceVersion "1"]
[SourceVersionDate "2005.09.01"]
[SourceQuality "1"]

1. e4 e5 2. Bc4 Nf6 3. d3 c6 4. Nf3 Qc7 5. Bb3 Be7 6. 0-0 0-0 7. Nc3 d6 8. h3 Nbd7 9. d4 exd4 10. Nxd4 Nc5 11. Re1 Re8 12. Bf4 Bf8 13. Qf3 Nxb3 14. axb3 Nd7 15. Rad1 Ne5 16. Qg3 Be6 17. Bc1 f6 18. Kh1 Rad8 19. f4 Nf7 20. Be3 a6 21. Bf2 Bc8 22. Nf3 b5 23. Bd4 Kh8 24. Qf2 c5 25. Nd5 Qa7 26. Bc3 Be6 27. b4 Rc8 28. Re2 Qb7 29. Nh4 Nd8 30. Qg3 Nc6 31. bxc5 dxc5 32. b3 Nd4 33. Bxd4 cxd4 34. Rxd4 Bxd5 35. Rxd5 Rxe4 36. Red2 Rxc2 37. Rd8 Rc1+ 38. Kh2 Qf7 39. Nf5 Re8 40. R2d7 Qg6 41. Qxg6 hxg6 42. Rxe8 1-0

[Event "GRE-chT 34th"]
[Site "Ermioni Argolidas"]
[Date "2005.07.04"]
[Round "1"]
[White "Katzourakis, Pavlos"]
[Black "Antoniou, Antonis"]
[Result "0-1"]
[WhiteElo "2072"]
[BlackElo "2198"]
[PlyCount "120"]
[EventDate "2005.07.04"]
[EventType "team"]
[EventRounds "9"]
[EventCountry "GRE"]
[SourceTitle "CBM 107 Extra"]
[Source "ChessBase"]
[SourceDate "2005.09.01"]
[SourceVersion "1"]
[SourceVersionDate "2005.09.01"]
[SourceQuality "1"]

1. e4 e5 2. Nf3 Nc6 3. d4 exd4 4. Nxd4 Nf6 5. Nxc6 bxc6 6. e5 Qe7 7. Qe2 Nd5 8. c4 Nb6 9. Nc3 g6 10. Ne4 Bg7 11. Bg5 Qb4+ 12. Bd2 Qxb2 13. Bc3 Qxe2+ 14. Bxe2 0-0 15. 0-0 d5 16. cxd5 cxd5 17. Nc5 Nd7 18. Nd3 Ba6 19. Rfe1 c5 20. f4 d4 21. Ba5 Rab8 22. Bc7 c4 23. Nf2 Rb2 24. Ne4 Rc8 25. Bd6 d3 26. Bg4 Nb6 27. Bxc8 Bxc8 28. Ba3 Rc2 29. Rec1 Rxc1+ 30. Rxc1 Bf5 31. Nd2 Be6 32. Bc5 Bf8 33. Bxf8 Kxf8 34. Kf2 Ke7 35. Ne4 Kd7 36. Ke3 Nd5+ 37. Kf3 c3 38. Nc5+ Kc6 39. Nxd3 Kb5 40. h3 Kc4 41. Nf2 Nb4 42. Ke2 Nxa2 43. Ra1 Kb3 44. Rb1+ Kc4 45. Ra1 Kb3 46. Rb1+ Kc2 47. Rb7 a5 48. Ne4 Nc1+ 49. Ke3 Bd5 50. Rc7 Bxe4 51. Kxe4 Kb2 52. Rxf7 Nb3 53. Rc7 a4 54. e6 a3 55. e7 a2 56. Ra7 c2 57. e8Q c1Q 58. Qe5+ Kb1 59. Qb5 Qc2+ 60. Ke5 Qf5+ 0-1

[Event "GRE-chT"]
[Site "Aghia Pelagia"]
[Date "2004.07.09"]
[Round "7.4"]
[White "Mihailidis, Anastasios"]
[Black "Katzourakis, Pavlos"]
[Result "1-0"]
[WhiteElo "2264"]
[BlackElo "2106"]
[PlyCount "63"]
[EventDate "2004.07.04"]
[EventType "team"]
[EventRounds "9"]
[EventCountry "GRE"]
[SourceTitle "CBM 101 Extra"]
[Source "ChessBase"]
[SourceDate "2004.09.01"]
[SourceVersion "2"]
[SourceVersionDate "2004.09.01"]
[SourceQuality "1"]
[WhiteTeam "08"]
[BlackTeam "09"]
[WhiteTeamCountry "GRE"]
[BlackTeamCountry "GRE"]

1. e4 e5 2. Nf3 Nc6 3. d4 exd4 4. Nxd4 Nf6 5. Nxc6 bxc6 6. e5 Qe7 7. Qe2 Nd5 8. c4 Nb6 9. Nd2 a5 10. b3 a4 11. Bb2 axb3 12. axb3 Rxa1+ 13. Bxa1 Qa3 14. Qd1 Bb4 15. Bd3 Qa5 16. Ke2 d5 17. Qc2 0-0 18. Bd4 dxc4 19. bxc4 Bxd2 20. Ra1 Qb4 21. Qxd2 Qe7 22. Qe3 Rd8 23. h3 g6 24. Ra7 Qe6 25. Bxb6 cxb6 26. f4 c5 27. f5 Qe8 28. e6 f6 29. Kf2 g5 30. h4 Qh5 31. hxg5 Qh4+ 32. Kg1 1-0

[Event "GRE-chT"]
[Site "Aghia Pelagia"]
[Date "2004.07.07"]
[Round "4.5"]
[White "Diatsintos, Apostolos"]
[Black "Katzourakis, Pavlos"]
[Result "1-0"]
[WhiteElo "2100"]
[BlackElo "2106"]
[PlyCount "85"]
[EventDate "2004.07.04"]
[EventType "team"]
[EventRounds "9"]
[EventCountry "GRE"]
[SourceTitle "CBM 101 Extra"]
[Source "ChessBase"]
[SourceDate "2004.09.01"]
[SourceVersion "2"]
[SourceVersionDate "2004.09.01"]
[SourceQuality "1"]
[WhiteTeam "16"]
[BlackTeam "09"]
[WhiteTeamCountry "GRE"]
[BlackTeamCountry "GRE"]

1. e4 c5 2. Nf3 e6 3. d4 cxd4 4. Nxd4 Nf6 5. Nc3 d6 6. Be2 a6 7. a4 Nc6 8. Be3 Be7 9. 0-0 Qc7 10. f4 0-0 11. Nb3 b6 12. Bf3 Bb7 13. Rf2 Rab8 14. Rd2 Rfd8 15. Qe2 Nd7 16. Rad1 Nc5 17. Nd4 Nxd4 18. Bxd4 Bc6 19. b3 Qb7 20. Re1 Rbc8 21. Qf2 b5 22. axb5 axb5 23. Qg3 Bf8 24. Bf6 Rd7 25. Rde2 b4 26. Nd1 Rdc7 27. Nf2 Nd7 28. Ba1 Bb5 29. Rd2 Rxc2 30. Rxd6 Qa7 31. Rdd1 Qa2 32. Ng4 g6 33. Rxd7 Bc5+ 34. Kh1 Bxd7 35. Nf6+ Kf8 36. Nxd7+ Ke7 37. Rd1 Rd2 38. Qe1 Be3 39. Bf6+ Kxd7 40. Qxe3 Rxd1+ 41. Bxd1 Qb1 42. Qd4+ Ke8 43. Qd6 1-0

[Event "GRE-chT"]
[Site "Aghia Pelagia"]
[Date "2004.07.05"]
[Round "2.5"]
[White "Goritsas, Christos"]
[Black "Katzourakis, Pavlos"]
[Result "1/2-1/2"]
[WhiteElo "2211"]
[BlackElo "2106"]
[PlyCount "81"]
[EventDate "2004.07.04"]
[EventType "team"]
[EventRounds "9"]
[EventCountry "GRE"]
[SourceTitle "CBM 101 Extra"]
[Source "ChessBase"]
[SourceDate "2004.09.01"]
[SourceVersion "2"]
[SourceVersionDate "2004.09.01"]
[SourceQuality "1"]
[WhiteTeam "05"]
[BlackTeam "09"]
[WhiteTeamCountry "GRE"]
[BlackTeamCountry "GRE"]

1. c4 e5 2. g3 Nf6 3. Bg2 d5 4. cxd5 Nxd5 5. Nf3 Nc6 6. 0-0 Nb6 7. d3 Be7 8. Nbd2 0-0 9. a3 Re8 10. b4 Bf8 11. Bb2 a6 12. Qc2 Bg4 13. h3 Bh5 14. Rac1 Rc8 15. Rfe1 Kh8 16. Qb1 Bd6 17. Nb3 Qe7 18. Nfd2 f5 19. Nc5 Qg5 20. Nxb7 Ne7 21. Nc4 Nxc4 22. Rxc4 f4 23. Qc1 Bf7 24. gxf4 Qg6 25. f5 Qxf5 26. Rg4 h6 27. Qd2 Ng6 28. Kh2 Nf4 29. Rg1 Qh5 30. Nxd6 cxd6 31. Rxf4 exf4 32. Bf3 Qh4 33. Rxg7 Re5 34. Rg2 Be6 35. Bg4 Bxg4 36. Rxg4 Qxf2+ 37. Rg2 Qf1 38. Rg1 Qf2+ 39. Rg2 Qh4 40. Rg4 Qf2+ 41. Rg2 1/2-1/2

[Event "GRE-chT"]
[Site "Poros"]
[Date "1998.04.24"]
[Round "6"]
[White "Katzourakis, Pavlos"]
[Black "Nikolaou, Georgios"]
[Result "0-1"]
[WhiteElo "2070"]
[BlackElo "2150"]
[PlyCount "130"]
[EventDate "1998.??.??"]
[EventType "team"]
[EventRounds "9"]
[EventCountry "GRE"]
[SourceTitle "EXT 1999"]
[Source "ChessBase"]
[SourceDate "1998.11.16"]
[SourceVersion "1"]
[SourceVersionDate "1998.11.16"]
[SourceQuality "1"]

1. e4 c5 2. Nf3 d6 3. d4 cxd4 4. Nxd4 Nf6 5. Nc3 g6 6. Be3 Bg7 7. f3 Nc6 8. Qd2 0-0 9. Bc4 Bd7 10. 0-0-0 Ne5 11. Bb3 Qa5 12. h4 Rfc8 13. Kb1 b5 14. Ncxb5 Qxd2 15. Rxd2 Rab8 16. Nc3 a5 17. Nde2 a4 18. Nxa4 Bxa4 19. Bxa4 Nc4 20. Rd3 Nxb2 21. Bb3 Nxd3 22. cxd3 Nd7 23. d4 Nb6 24. h5 Nc4 25. Bc1 Na5 26. Kb2 Rb7 27. hxg6 hxg6 28. Bd2 Nc4+ 29. Kc2 Nxd2+ 30. Kxd2 Kf8 31. Kd3 Rb4 32. Rh4 e6 33. Rh7 Bf6 34. g4 Kg8 35. Rh3 e5 36. d5 Bg5 37. Rh1 Kg7 38. Rh3 Rbb8 39. Nc3 Rb4 40. Ne2 Rb7 41. Rh1 f5 42. gxf5 gxf5 43. exf5 Kf6 44. Ng3 Rd8 45. Ne4+ Kxf5 46. Rh5 Rg7 47. Nxg5 Rxg5 48. Rxg5+ Kxg5 49. Ke4 Rb8 50. Ke3 Rb5 51. Bc4 Ra5 52. Bb3 Rc5 53. Ke4 Rb5 54. Ke3 Rb4 55. Bc2 Rc4 56. Bb3 Rc3+ 57. Ke4 Rc1 58. Ke3 Kf5 59. Kd2 Rc5 60. Bc2+ Kf4 61. Be4 Ra5 62. Kc3 Rxa2 63. Kc4 Ra3 64. Kb5 Rxf3 65. Bh7 Rc3 0-1

[Event "GRE-chT"]
[Site "Poros"]
[Date "1998.04.21"]
[Round "3"]
[White "Touloumis, Anestis"]
[Black "Katzourakis, Pavlos"]
[Result "0-1"]
[WhiteElo "2115"]
[BlackElo "2070"]
[PlyCount "82"]
[EventDate "1998.??.??"]
[EventType "team"]
[EventRounds "9"]
[EventCountry "GRE"]
[SourceTitle "EXT 1999"]
[Source "ChessBase"]
[SourceDate "1998.11.16"]
[SourceVersion "1"]
[SourceVersionDate "1998.11.16"]
[SourceQuality "1"]

1. e4 e5 2. Nf3 Nc6 3. Bb5 a6 4. Bxc6 dxc6 5. Nc3 Bg4 6. h3 Bxf3 7. Qxf3 Nf6 8. d3 Qd6 9. Bg5 0-0-0 10. 0-0-0 Be7 11. Rhe1 h6 12. Be3 Qe6 13. a3 Kb8 14. Qe2 g5 15. d4 exd4 16. Rxd4 c5 17. Rxd8+ Rxd8 18. f3 Nd7 19. Rd1 Bf6 20. Nd5 Bg7 21. Qc4 Qe5 22. Nc3 b5 23. Qxf7 b4 24. axb4 cxb4 25. Bd4 Qa5 26. Bxg7 bxc3 27. Qb3+ Ka7 28. bxc3 Nc5 29. Rxd8 Nxb3+ 30. cxb3 Qa3+ 31. Kd2 Qxb3 32. Ke3 a5 33. Bd4+ Kb7 34. Rd5 a4 35. Ra5 a3 36. e5 a2 37. Ra7+ Kb8 38. Ra6 c5 39. e6 cxd4+ 40. Kxd4 Qd1+ 41. Kc5 a1Q 0-1

[Event "Chania op 8th"]
[Site "Chania"]
[Date "1998.??.??"]
[Round "4"]
[White "Katzourakis, Pavlos"]
[Black "Panagopoulos, Nikolaos"]
[Result "0-1"]
[WhiteElo "2070"]
[BlackElo "2110"]
[PlyCount "72"]
[EventDate "1998.08.??"]
[EventType "swiss"]
[EventRounds "9"]
[EventCountry "GRE"]
[SourceTitle "EXT 2000"]
[Source "ChessBase"]
[SourceDate "1999.11.16"]
[SourceVersion "1"]
[SourceVersionDate "1999.11.16"]
[SourceQuality "1"]

1. e4 c5 2. b4 cxb4 3. d4 Nf6 4. Bd3 e6 5. Ne2 Nc6 6. 0-0 d5 7. e5 Ne4 8. f3 Nc3 9. Nbxc3 bxc3 10. Qe1 Qb6 11. Kh1 Nxd4 12. Nxd4 Qxd4 13. Bb5+ Bd7 14. Bxd7+ Kxd7 15. f4 g6 16. Rb1 b6 17. Rb3 Rc8 18. Ba3 Bxa3 19. Rxa3 Rc7 20. Qh4 Qc5 21. Rb3 h5 22. Rbb1 Kc8 23. Qh3 Rd8 24. a4 d4 25. Qf3 Qc6 26. Qd3 Qxa4 27. Ra1 Qc6 28. Rfd1 Kb8 29. Qa6 Qc4 30. Qa3 d3 31. Rxd3 Rxd3 32. cxd3 Qxd3 33. Qf8+ Kb7 34. Qa3 a6 35. Rc1 Qe2 36. h3 Qb2 0-1

[Event "Kavala op 07th"]
[Site "Kavala"]
[Date "1997.??.??"]
[Round "4"]
[White "Hellsten, Johan"]
[Black "Katzourakis, Pavlos"]
[Result "1/2-1/2"]
[WhiteElo "2495"]
[BlackElo "2050"]
[PlyCount "71"]
[EventDate "1997.08.13"]
[EventType "swiss"]
[EventRounds "9"]
[EventCountry "GRE"]
[SourceTitle "EXT 2004"]
[Source "ChessBase"]
[SourceDate "2003.11.25"]
[SourceVersion "1"]
[SourceVersionDate "2003.11.25"]
[SourceQuality "1"]

1. e4 e5 2. Nf3 Nc6 3. Nc3 Nf6 4. Bb5 d6 5. d4 exd4 6. Nxd4 Bd7 7. Bxc6 bxc6 8. 0-0 Be7 9. b3 0-0 10. Bb2 Re8 11. Qd3 Bf8 12. Rae1 d5 13. e5 Ng4 14. Nf3 Be6 15. h3 Nh6 16. Bc1 Nf5 17. g4 Nh4 18. Ng5 Ng6 19. f4 Bd7 20. Nf3 Nh4 21. Ng5 Ng6 22. Nxf7 Kxf7 23. e6+ Kg8 24. f5 Bxe6 25. fxg6 h6 26. Ne2 Bc5+ 27. Kg2 Qh4 28. Qg3 Qxg3+ 29. Nxg3 Bd7 30. h4 Bxg4 31. Bb2 Rxe1 32. Rxe1 Rf8 33. Kh1 Bd6 34. Kg2 Bc5 35. Kh1 Bd6 36. Kg2 1/2-1/2

[Event "Ikaros op"]
[Site "Chania"]
[Date "1997.??.??"]
[Round "4"]
[White "Katzourakis, Pavlos"]
[Black "Hatzidakis, E."]
[Result "1/2-1/2"]
[WhiteElo "2005"]
[BlackElo "2275"]
[PlyCount "52"]
[EventDate "1997.??.??"]
[EventType "swiss"]
[EventRounds "5"]
[EventCountry "GRE"]
[SourceTitle "EXT 2004"]
[Source "ChessBase"]
[SourceDate "2003.11.25"]
[SourceVersion "1"]
[SourceVersionDate "2003.11.25"]
[SourceQuality "1"]

1. e4 c6 2. d4 d5 3. exd5 cxd5 4. c4 Nf6 5. Nc3 e6 6. Nf3 Bb4 7. Bd3 0-0 8. 0-0 dxc4 9. Bxc4 Nbd7 10. Bg5 Nb6 11. Bd3 Be7 12. Rc1 Bd7 13. Bb1 Bc6 14. Ne5 Rc8 15. Re1 g6 16. h4 Nbd5 17. Qb3 Nxc3 18. bxc3 Nd5 19. Bh6 Re8 20. h5 Bg5 21. hxg6 hxg6 22. Bxg5 Qxg5 23. Nxc6 Nf4 24. g3 Ne2+ 25. Kg2 Nxc1 26. Qxb7 Qd2 1/2-1/2